00867nam a2200217 a 450000100100000000500170001000800410002702000150006804000250008308200140010824501750012226000320029730000210032953400510035070000340040170000330043570000430046804900090051195201120052099900170063200002307920200930021955.0101126s1983 ck r 000 | spa d a0861040724 aDO-SdBNPbspacBNPHU axxxbO13r14aLos obreros rusos contra la U.R.R.S. :btestimonios de trabajadores disidentes /crecopilados por Olga Semyonova y Viktor Haynes ; traducción Yolanda Martínez Cowley. a(Colombia) :bKosmo,c1983. a198 p. ;c21 cm. aTítulo original :tWorkers against the Gulag1 aSemyonova, Olgaecomp.9475141 aHaynes, Viktorecomp.9475151 aMartínez Cowley, Yolandaetr.947516 aBNGR 001050718MOaGRbGRcCTd2010-11-26iLF1l0oxxx O13rp23079-10r2020-06-25w2020-06-25y1ZNo se presta c22576d22576